Būlīvār, sīratuh, (Record no. 47592)

MARC details
000 -LEADER
fixed length control field 00608cam a22002051 4500
001 - CONTROL NUMBER
control field ne 64002948
003 - CONTROL NUMBER IDENTIFIER
control field DLC
005 - DATE AND TIME OF LATEST TRANSACTION
control field 20260227111807.0
008 - FIXED-LENGTH DATA ELEMENTS--GENERAL INFORMATION
fixed length control field 910612s1957 ua ac b 000 0 arar
010 ## - LIBRARY OF CONGRESS CONTROL NUMBER
LC control number ne 64002948
035 ## - SYSTEM CONTROL NUMBER
System control number (OCoLC)23926852
040 ## - CATALOGING SOURCE
Original cataloging agency DLC
Transcribing agency InU
Modifying agency InU
-- DLC
050 00 - LIBRARY OF CONGRESS CALL NUMBER
Classification number F2235.3
Item number .D17
100 1# - MAIN ENTRY--PERSONAL NAME
Personal name Ḍabʻ, Wadīʻ.
245 10 - TITLE STATEMENT
Title Būlīvār, sīratuh,
Statement of responsibility, etc. bi-qalam Wadīʻ al-Ḍabʻ.
260 ## - PUBLICATION, DISTRIBUTION, ETC.
Place of publication, distribution, etc. al-Qāhirah,
Name of publisher, distributor, etc. Maktabat al-Nahḍah al-Miṣrīyah,
Date of publication, distribution, etc. 1957.
300 ## - PHYSICAL DESCRIPTION
Extent 274 p.
Other physical details map, ports.
Dimensions 20 cm.
504 ## - BIBLIOGRAPHY, ETC. NOTE
Bibliography, etc. note Bibliography: p. 266.
600 10 - SUBJECT ADDED ENTRY--PERSONAL NAME
Personal name Bolívar, Simón,
Dates associated with a name 1783-1830.

No items available.

Powered by Koha